Animals with More than 2 or more of the same letter - Statistics

General Stats
  • This quiz has been taken 24 times
    13 since last reset
  • The average score is 3 of 11
Answer Stats
Two of the Letter... First and Last Letter Answer % Correct
b R T Rabbit
89%
f G E Giraffe
67%
a P A Panda
56%
b o B Y Booby
33%
n P N Penguin
33%
b BT Bobcat
22%
c P K Peacock
11%
b a B A Babirbusa
0%
b B T Barbet
0%
i B R Bichir
0%
o M O Mosquito
0%
No matching quizzes found
Score Distribution
Percent of People with Each Score
Percentile by Number Answered
Your Score History
You have not taken this quiz since the last reset